| 000 | 01088nam a2200289Ia 4500 | ||
|---|---|---|---|
| 003 | OSt | ||
| 005 | 20220930190031.0 | ||
| 006 | a|||||r|||| 00| 0 | ||
| 007 | ta | ||
| 008 | 220926b |||||||| |||| 00| 0 pan d | ||
| 020 |
_a8126004290 (pbk) _c125 |
||
| 024 | _a92076 | ||
| 037 |
_b524, 19/03/2009, Vani Prakashan _cTextbook |
||
| 040 |
_aCRL _cCRL _bpan |
||
| 041 |
_2pan _apan |
||
| 082 | _aO153,3M72:g, 152M2 | ||
| 100 | _aहरबंस सिंह | ||
| 245 | 0 | _aभाई वीर सिंह | |
| 246 | _aBhāī vīr sianha | ||
| 260 |
_aनई दिल्ली, _bसाहित्य अकादेमी, भारत _c1982 |
||
| 300 |
_a98पृ0 _ccm. |
||
| 490 | _aभारतीय साहित्य के निर्माता | ||
| 650 |
_aiatkch fuca/k _9558559 |
||
| 700 | _a माण्डव, प्रदीप, अनु. | ||
| 942 |
_hO153,3M72:g, 152M2 _cTB _2CC |
||
| 999 |
_c891493 _d891493 |
||